|
|
|
|
| LEADER |
00633 a2200133 4500 |
| 008 |
100208b ||||| |||| 00| 0 eng d |
| 082 |
|
|
|a 338.6
|
| 100 |
|
|
|a Thiruvananthapuram.Bureau of economics and statistics.
|
| 245 |
|
|
|a Report on the survey on coir industry in household sector 1975 - 76 /
|c Bureau of economics and statistics Thiruvananthapuram
|
| 260 |
|
|
|b Bureau of economics and statistics,
|a Thiruvananthapuram:
|c 1978.
|
| 500 |
|
|
|a Gift
|
| 942 |
|
|
|c BK
|
| 999 |
|
|
|c 312092
|d 312092
|
| 952 |
|
|
|0 0
|1 0
|2 ddc
|4 0
|6 338_600000000000000_BES_R
|7 0
|8 G
|9 358188
|a ECN
|b ECN
|c REF
|d 2010-09-07
|e B E S, TVM
|i 2603
|l 0
|o 338.6 BES/R
|p ECN2603
|r 2010-09-07
|w 2010-09-07
|y REF
|